000 00320 a2200109 4500
001 ART_34689
005 20260410161928.0
008 260409a
245 1 0 _aMigraciones y derechos humanos
100 1 _aCeriani Cernadas, Pablo
773 0 _tDerechos humanos
_g- Año III, Nº 7 (sep. 2015)
_wREV22278
999 _c28334
_d28334